[Event "GRE-chT 45th"]
[Site "Achaia"]
[Date "2017.07.07"]
[Round "6.7"]
[White "Vlahakis, Nikolaos"]
[Black "Karzias, Christos"]
[Result "1-0"]
[WhiteElo "1563"]
[BlackElo "1718"]
[PlyCount "71"]
[EventDate "2017.07.03"]
[EventType "team-swiss"]
[EventRounds "7"]
[EventCountry "GRE"]
[SourceTitle "CBM 179 Extra"]
[Source "ChessBase"]
[SourceDate "2017.08.23"]
[SourceVersion "1"]
[SourceVersionDate "2017.08.23"]
[SourceQuality "1"]
[WhiteTeam "Kalamata Poseidon"]
[BlackTeam "Sykeon Neapolis"]
[WhiteTeamCountry "GRE"]
[BlackTeamCountry "GRE"]

1. d4 Nf6 2. Bf4 g6 3. Nf3 Bg7 4. e3 d6 5. h3 0-0 6. Be2 b6 7. 0-0 Bb7 8. Nbd2 Nbd7 9. c3 Re8 10. Bh2 e5 11. dxe5 dxe5 12. Nc4 Ne4 13. Qc2 Qe7 14. Rad1 Rad8 15. Nfd2 Ng5 16. e4 Ne6 17. Ne3 Nf4 18. Bc4 Qg5 19. Nf3 Nxh3+ 20. Kh1 Qh5 21. Nd5 c6 22. Ne3 Bh8 23. Qb3 Rf8 24. Be6 fxe6 25. Qxe6+ Rf7 26. Rxd7 Rdxd7 27. Qe8+ Kg7 28. Bxe5+ Kh6 29. Qxh8 Nxf2+ 30. Kg1 Ng4 31. Nf5+ Rxf5 32. exf5 Qxf5 33. Nh2 Rd1 34. Qg7+ Kg5 35. Nf3+ Kh5 36. Rxd1 1-0

[Event "GRE-ch U16"]
[Site "Patras"]
[Date "2013.07.08"]
[Round "1.3"]
[White "Karzias, Christos"]
[Black "Kourkoulos Arditis, Stamatis"]
[Result "0-1"]
[WhiteElo "1655"]
[BlackElo "2185"]
[PlyCount "68"]
[EventDate "2013.07.08"]
[EventType "swiss"]
[EventRounds "9"]
[EventCountry "GRE"]
[SourceTitle "EXT 2024"]
[Source "ChessBase"]
[SourceDate "2023.10.10"]
[SourceVersion "1"]
[SourceVersionDate "2023.10.10"]
[SourceQuality "1"]

1. d4 Nf6 2. Nf3 e6 3. c4 b6 4. Bf4 Bb7 5. e3 d5 6. Nc3 Be7 7. h3 0-0 8. cxd5 Nxd5 9. Nxd5 Qxd5 10. Bxc7 Nc6 11. Bd3 Rac8 12. Bf4 e5 13. e4 Qd7 14. Bxe5 Nxe5 15. dxe5 Rfd8 16. Ke2 Bc6 17. a4 b5 18. b3 Bb4 19. a5 Bc3 20. Ra2 b4 21. Qb1 Bb5 22. Rd1 Qb7 23. Ke3 Qd7 24. a6 Qc6 25. Kf4 Bxe5+ 26. Nxe5 Qf6+ 27. Ke3 Qxe5 28. Bxb5 Qxb5 29. Rxd8+ Rxd8 30. Qc2 Qf1 31. f3 g5 32. e5 Qg1+ 33. Qf2 Qc1+ 34. Ke2 Qd1+ 0-1